000 00733cam a2200217 4500
001 2445
005 20181127165134.0
008 890301r19901985nyu 000 1 eng
010 _a 89040071
020 _a0679725393
_c
043 _an-us-ny
100 1 _aWharton, Edith,
_d1862-1937.
245 1 4 _aThe house of mirth /
_cEdith Wharton.
260 _aNew York :
_bVintage Books/Library of America,
_c1990.
300 _axviii, 371 p. ;
_c21 cm.
504 _aIncludes bibliographical references (p. 371).
650 0 _aSingle women
_xFiction.
651 0 _aNew York (N.Y.)
_xFiction.
655 7 _aPsychological fiction.
_2lcsh
856 _a
_uhttp://www2.hn.psu.edu/faculty/jmanis/wharton/house_of_mirth.pdf
_yThe house of mirth
_z
_3
999 _c1956
_d1956